Introduction to Solid State Physics/ (Record no. 2056)

MARC details
000 -LEADER
Fixed length control field 00451nam a22001697a 4500
003 - CONTROL NUMBER IDENTIFIER
Control field SEACOMEC
005 - DATE AND TIME OF LATEST TRANSACTION
Control field 20250303123437.0
008 - FIXED-LENGTH DATA ELEMENTS--GENERAL INFORMATION
Fixed length control field 250303b |||||||| |||| 00| 0 eng d
020 ## - INTERNATIONAL STANDARD BOOK NUMBER / ISBN
International Standard Book Number 9788126510450
Price 349.00
040 ## - CATALOGING SOURCE
Original cataloging agency SEACOMEC
082 ## - DEWEY DECIMAL CLASSIFICATION NUMBER
Classification number 530.11
Book Number K62
100 ## - MAIN ENTRY--PERSONAL NAME
Personal name Kittel, Charles
245 ## - TITLE STATEMENT
Title Introduction to Solid State Physics/
Statement of responsibility Charles Kittel
250 ## - EDITION STATEMENT
Edition statement 7th Ed
260 ## - IMPRINT
Place of publication New Delhi :
Name of publisher John Wiley & Sons,
Date of publication 2004
942 ## - ADDED ENTRY ELEMENTS (KOHA)
Koha item type Books
Holdings
Withdrawn status Lost status Source of classification Damaged status Not for loan Home library Current library Date acquired Total Checkouts Call number Accession number Date last seen Price effective from Koha item type Copy number
    Dewey Decimal Classification     SEACOM ENGINEERING COLLEGE SEACOM ENGINEERING COLLEGE 24/02/2009   530.11 K62 13794 03/03/2025 03/03/2025 Reference Books  
    Dewey Decimal Classification     SEACOM ENGINEERING COLLEGE SEACOM ENGINEERING COLLEGE 24/02/2009   530.11 K62 13795 03/03/2025 03/03/2025 Books 1
    Dewey Decimal Classification     SEACOM ENGINEERING COLLEGE SEACOM ENGINEERING COLLEGE 24/02/2009   530.11 K62 13796 03/03/2025 03/03/2025 Books 2
    Dewey Decimal Classification     SEACOM ENGINEERING COLLEGE SEACOM ENGINEERING COLLEGE 24/02/2009   530.11 K62 13797 03/03/2025 03/03/2025 Books 3
    Dewey Decimal Classification     SEACOM ENGINEERING COLLEGE SEACOM ENGINEERING COLLEGE 24/02/2009   530.11 K62 13798 03/03/2025 03/03/2025 Books 4
© Seacom Engineering College, All rights reserved.      Powered by Koha